000 00992nam a2200325Ia 4500
001 5426
003 IT-RoPAU
008 130308s9999 xx 000 0 und d
040 _aIT-RoPAU
040 _cIT-RoPAU
041 _aITALIANO
100 _aRossellini Roberto
100 _gCodice Aut. SPICS: 1870
245 _aEra notte a Roma
245 _bEra Notte a Roma
250 _a1a ed.
260 _aBOLOGNA
260 _bCappelli
260 _c1960 [1° Ed.:1960 - Ed.Ling.Originale:1960]
300 _a"212 p. (prefazione: no ; testo: 212)"
500 _aSceneggiatura del Film di Rossellini dal Soggetto al Film un inglese un Russo un Americano nella Roma del mercato Nero e Dello Sbarco di Anzio Rivoluzione Tecnica del Pancinor ritratto di Rossellini
650 _aAUTORI/OPERE DEL CINEMA
650 _eCodice materia Spics: 6807
700 _aRenzi Renzo
700 _gCodice Aut. SPICS: 2113
942 _cBK
957 _71
999 _c71444
_d71444
999 _bSI
999 _g1